[Event "Skalica op-A"]
[Site "Skalica"]
[Date "2023.08.22"]
[Round "4"]
[White "Ramadugu, Akshay"]
[Black "Stevik, Patrik1111"]
[Result "1/2-1/2"]
[WhiteElo "1924"]
[BlackElo "2214"]
[PlyCount "36"]
[EventDate "2023.08.19"]
[EventType "swiss"]
[EventRounds "9"]
[EventCountry "SVK"]
[SourceTitle "CBM 215 Extra"]
[Source "ChessBase"]
[SourceDate "2023.09.30"]
[SourceVersion "1"]
[SourceVersionDate "2023.09.30"]
[SourceQuality "1"]

1. d4 d5 2. c4 e6 3. Nc3 c5 4. cxd5 cxd4 5. Qa4+ Bd7 6. Qxd4 exd5 7. Qxd5 Nf6 8. Qd1 Nc6 9. Nf3 Bb4 10. e3 Qc7 11. Be2 0-0 12. 0-0 Rad8 13. Qc2 a6 14. h3 Rfe8 15. Bd2 Ne5 16. a3 Ba5 17. Rac1 Qc8 18. Nd5 Nxd5 1/2-1/2

[Event "Skalica op-A"]
[Site "Skalica"]
[Date "2023.08.19"]
[Round "1"]
[White "Hladky, Tadeas"]
[Black "Ramadugu, Akshay"]
[Result "1/2-1/2"]
[WhiteElo "2195"]
[BlackElo "1924"]
[PlyCount "119"]
[EventDate "2023.08.19"]
[EventType "swiss"]
[EventRounds "9"]
[EventCountry "SVK"]
[SourceTitle "CBM 215 Extra"]
[Source "ChessBase"]
[SourceDate "2023.09.30"]
[SourceVersion "1"]
[SourceVersionDate "2023.09.30"]
[SourceQuality "1"]

1. e4 c5 2. Nf3 d6 3. Bb5+ Nd7 4. d4 cxd4 5. Qxd4 a6 6. Bxd7+ Bxd7 7. 0-0 e5 8. Qd3 h6 9. c4 Rc8 10. Nc3 Nf6 11. b3 Be7 12. a4 0-0 13. Ba3 Be6 14. Rfd1 Qa5 15. Nd2 Nh5 16. g3 Nf6 17. Nf1 Qb6 18. Ne3 Rfd8 19. Qc2 Rc6 20. a5 Qc7 21. Ncd5 Qd7 22. Nb6 Qe8 23. Kg2 Nd7 24. Nbd5 Nf6 25. Qd3 Bxd5 26. Nxd5 Nxd5 27. Qxd5 Rdc8 28. Qd3 Bf8 29. Qe3 Qe6 30. Rd5 g5 31. Rad1 b6 32. Qd3 b5 33. Bxd6 bxc4 34. bxc4 Bxd6 35. Rxd6 Rxd6 36. Qxd6 Qxd6 37. Rxd6 Rxc4 38. Rxa6 Rxe4 39. Rxh6 Kg7 40. Rb6 Ra4 41. a6 Ra3 42. h3 e4 43. Kf1 Ra2 44. Ke1 Kh7 45. Rb7 Rxa6 46. Rxf7+ Kg6 47. Re7 Ra4 48. Ke2 Kf6 49. Re8 Kf7 50. Rd8 Ke6 51. Ke3 Ke5 52. Re8+ Kf5 53. Rc8 Ra3+ 54. Kd4 Rd3+ 55. Kc4 Kg6 56. Rf8 Kg7 57. Rf5 Kg6 58. Rd5 Rf3 59. Rd6+ Kg7 60. Kd4 1/2-1/2

[Event "Arandjelovac op 2nd"]
[Site "Arandjelovac"]
[Date "2023.08.03"]
[Round "5"]
[White "Mihajlovic, Pavle"]
[Black "Ramadugu, Akshay"]
[Result "0-1"]
[WhiteElo "1948"]
[BlackElo "1924"]
[PlyCount "78"]
[EventDate "2023.07.31"]
[EventType "swiss"]
[EventRounds "9"]
[EventCountry "SRB"]
[SourceTitle "CBM 215 Extra"]
[Source "ChessBase"]
[SourceDate "2023.09.30"]
[SourceVersion "1"]
[SourceVersionDate "2023.09.30"]
[SourceQuality "1"]

1. d3 d5 2. Nf3 Nf6 3. d4 c6 4. Bf4 Bf5 5. e3 e6 6. Bd3 Ne4 7. 0-0 Be7 8. Ne1 0-0 9. Nd2 Nd6 10. Qe2 Nd7 11. Bxf5 exf5 12. Nd3 f6 13. Rac1 b5 14. b3 Ne4 15. c4 g5 16. cxd5 cxd5 17. Bc7 Qe8 18. f3 Nxd2 19. Qxd2 Ba3 20. Rc2 Qe7 21. Qa5 Rfc8 22. Qxb5 Qe6 23. Qa5 Be7 24. Kf2 Nb6 25. Rfc1 Re8 26. Re1 h5 27. Qb5 Qf7 28. a4 Bf8 29. Bxb6 axb6 30. Rc6 Re7 31. Qxb6 Rb7 32. Rec1 Rxb6 33. Rxb6 h4 34. Rcc6 Bg7 35. Nc5 g4 36. Rb7 Qg6 37. Ne6 Bh6 38. f4 g3+ 39. hxg3 Qxg3+ 0-1

[Event "Arandjelovac op 2nd"]
[Site "Arandjelovac"]
[Date "2023.08.03"]
[Round "6"]
[White "Ramadugu, Akshay"]
[Black "Divitt, Arora"]
[Result "0-1"]
[WhiteElo "1924"]
[BlackElo "1889"]
[PlyCount "88"]
[EventDate "2023.07.31"]
[EventType "swiss"]
[EventRounds "9"]
[EventCountry "SRB"]
[SourceTitle "CBM 215 Extra"]
[Source "ChessBase"]
[SourceDate "2023.09.30"]
[SourceVersion "1"]
[SourceVersionDate "2023.09.30"]
[SourceQuality "1"]

1. d4 Nf6 2. c4 e6 3. Nc3 Bb4 4. e3 0-0 5. Nge2 Re8 6. a3 Bf8 7. Ng3 d5 8. cxd5 exd5 9. Be2 c5 10. dxc5 Bxc5 11. b4 Bd6 12. 0-0 Be5 13. Bb2 a5 14. b5 Nbd7 15. Rc1 Nb6 16. Qd2 Be6 17. f4 Bd6 18. Qd4 Rc8 19. Nb1 Nc4 20. Bxc4 dxc4 21. Kh1 Bc5 22. Qc3 Bd7 23. e4 Bxb5 24. Rcd1 Qb6 25. Nf5 Rxe4 26. Qg3 Nh5 27. Qf3 Bc6 28. Nh6+ gxh6 29. Qg4+ Kf8 30. Rd2 Rd8 31. Rxd8+ Qxd8 32. Qxh5 Bd4 33. Qxh6+ Ke8 34. Nc3 Bxc3 35. Bxc3 Qd3 36. Rc1 Qxc3 37. Rg1 Re1 38. Qh4 Rxg1+ 39. Kxg1 Qc1+ 40. Kf2 Qd2+ 41. Kf1 Bxg2+ 42. Kg1 Bc6 43. Kf1 Qg2+ 44. Ke1 Bf3 0-1

[Event "Arandjelovac op 2nd"]
[Site "Arandjelovac"]
[Date "2023.08.02"]
[Round "4"]
[White "Navoyan, Gagik"]
[Black "Ramadugu, Akshay"]
[Result "1-0"]
[WhiteElo "2105"]
[BlackElo "1924"]
[PlyCount "41"]
[EventDate "2023.07.31"]
[EventType "swiss"]
[EventRounds "9"]
[EventCountry "SRB"]
[SourceTitle "CBM 215 Extra"]
[Source "ChessBase"]
[SourceDate "2023.09.30"]
[SourceVersion "1"]
[SourceVersionDate "2023.09.30"]
[SourceQuality "1"]

1. d4 d5 2. c4 c6 3. cxd5 cxd5 4. Nc3 Nf6 5. Bf4 Qb6 6. Qd2 Nc6 7. e3 Bf5 8. Nf3 e6 9. a3 Be7 10. Be2 0-0 11. 0-0 Rfc8 12. Rfc1 Na5 13. Na4 Qd8 14. Qd1 Nc4 15. b3 Na5 16. b4 Nc4 17. Ne5 Nxe5 18. Bxe5 Nd7 19. Bg3 Bf6 20. Nc5 Nxc5 21. bxc5 1-0

[Event "Biel op-B 56th"]
[Site "Biel"]
[Date "2023.07.25"]
[Round "8"]
[White "Khanabiev, Alexey"]
[Black "Ramadugu, Akshay"]
[Result "1-0"]
[WhiteElo "2079"]
[BlackElo "1844"]
[PlyCount "129"]
[EventDate "2023.07.17"]
[EventType "swiss"]
[EventRounds "9"]
[EventCountry "SUI"]
[SourceTitle "EXT 2024"]
[Source "ChessBase"]
[SourceDate "2023.10.10"]
[SourceVersion "1"]
[SourceVersionDate "2023.10.10"]
[SourceQuality "1"]

1. e4 c5 2. Nc3 d6 3. g3 Nc6 4. Bg2 g6 5. Nge2 Bg7 6. d3 e6 7. 0-0 Nge7 8. Be3 Nd4 9. Qd2 h5 10. Bg5 f6 11. Be3 e5 12. Nd5 Nxd5 13. exd5 Bh3 14. Nxd4 cxd4 15. Bxh3 dxe3 16. Qxe3 f5 17. a4 b6 18. Rfe1 0-0 19. c3 g5 20. Bg2 f4 21. Qe4 Qe8 22. f3 g4 23. a5 bxa5 24. Rxa5 Qd8 25. Ra6 gxf3 26. Qxf3 fxg3 27. Qxg3 Rf4 28. Re4 Qf6 29. Qh3 Rf5 30. Rxd6 Qxd6 31. Qxf5 Qb6+ 32. Qf2 Qa6 33. c4 Rf8 34. Bf3 Qg6+ 35. Kf1 Qf5 36. Ke2 Rb8 37. Kf1 Rf8 38. Kg2 Qg5+ 39. Qg3 Qd2+ 40. Be2 Qxb2 41. Qg6 Rf6 42. Qe8+ Kh7 43. Qxh5+ Kg8 44. Qe8+ Kh7 45. Rh4+ Rh6 46. Rxh6+ Bxh6 47. Qf7+ Bg7 48. Qh5+ Kg8 49. d6 a5 50. Qf3 Qb6 51. Qd5+ Kh8 52. Bf3 Bf6 53. Qa8+ Kg7 54. Qb7+ Qxb7 55. Bxb7 Kf7 56. Bd5+ Ke8 57. Be6 Bg7 58. Kf3 a4 59. c5 Bf8 60. Ke4 a3 61. h4 Kd8 62. h5 Ke8 63. h6 a2 64. Bxa2 Bxh6 65. c6 1-0

[Event "Biel op-B 56th"]
[Site "Biel"]
[Date "2023.07.19"]
[Round "3"]
[White "Kleinhenz, Hans Georg"]
[Black "Ramadugu, Akshay"]
[Result "0-1"]
[WhiteElo "1803"]
[BlackElo "1844"]
[PlyCount "82"]
[EventDate "2023.07.17"]
[EventType "swiss"]
[EventRounds "9"]
[EventCountry "SUI"]
[SourceTitle "EXT 2024"]
[Source "ChessBase"]
[SourceDate "2023.10.10"]
[SourceVersion "1"]
[SourceVersionDate "2023.10.10"]
[SourceQuality "1"]

1. d4 d5 2. Nf3 Nf6 3. g3 Bf5 4. Bg2 h6 5. 0-0 e6 6. Nbd2 Be7 7. b3 0-0 8. Bb2 a5 9. a3 Nbd7 10. c4 c6 11. Re1 Qb6 12. c5 Qc7 13. b4 a4 14. Ne5 b5 15. e4 Nxe5 16. exf5 Nd3 17. Qc2 Nxe1 18. Rxe1 exf5 19. Qxf5 Rfe8 20. Nf3 Nd7 21. Bh3 Nf8 22. Bc1 Bf6 23. Rxe8 Rxe8 24. Bxh6 Qe7 25. Bf4 Qe2 26. Be5 Re6 27. Bg4 Qd1+ 28. Kg2 Qb3 29. Qh5 g6 30. Qh3 Rxe5 31. dxe5 Be7 32. Bd7 Qxa3 33. Bxc6 Qxb4 34. Bxd5 Qxc5 35. Ba2 b4 36. e6 f6 37. Qh6 Qc2 38. Bd5 b3 39. Nd2 g5 40. Be4 Qxd2 41. Bg6 Qd5+ 0-1

[Event "Biel op-B 56th"]
[Site "Biel"]
[Date "2023.07.17"]
[Round "1"]
[White "Ramadugu, Akshay"]
[Black "Novalic, Miralem"]
[Result "0-1"]
[WhiteElo "1844"]
[BlackElo "2028"]
[PlyCount "98"]
[EventDate "2023.07.17"]
[EventType "swiss"]
[EventRounds "9"]
[EventCountry "SUI"]
[SourceTitle "EXT 2024"]
[Source "ChessBase"]
[SourceDate "2023.10.10"]
[SourceVersion "1"]
[SourceVersionDate "2023.10.10"]
[SourceQuality "1"]

1. d4 Nf6 2. c4 e6 3. Nc3 Bb4 4. e3 c5 5. Nge2 0-0 6. a3 Bxc3+ 7. Nxc3 cxd4 8. exd4 d5 9. c5 Nc6 10. Bb5 Ne4 11. 0-0 Bd7 12. Bxc6 Bxc6 13. Ne2 Re8 14. f3 Nf6 15. Bg5 h6 16. Bxf6 Qxf6 17. b4 Bb5 18. Re1 Rad8 19. Nc3 Bc4 20. Re5 Qg6 21. Qe1 Qd3 22. Rd1 Qc2 23. Re3 Re7 24. Rd2 Qg6 25. f4 Rde8 26. Qh4 Qf6 27. Qg3 Kh7 28. h3 Rg8 29. Re5 g5 30. fxg5 Rxg5 31. Qe3 Rxe5 32. dxe5 Qg5 33. Qd4 f6 34. exf6 Rf7 35. Rf2 e5 36. Qd1 d4 37. Qf3 Qc1+ 38. Nd1 Qb1 39. Kh2 Qg6 40. Nb2 e4 41. Qd1 e3 42. Rf4 e2 43. Qe1 Rxf6 44. Nxc4 Rxf4 45. Qxe2 Qe4 46. Qd2 Rf1 47. b5 d3 48. Ne3 Qf4+ 49. g3 Rf2+ 0-1